000 00881nam a2200265 a 4500
001 000025028
003 DO-SdBNP
005 20180214093129.0
007 000025028
008 110209s1958 dr 000 0 spa d
040 _aBPMSU
_bspa
_cBPMSU
092 _axxxx
_bC422d
100 1 _aCestero - Burgos, Tulio
245 1 0 _aDel cadalso voló la libertad /
_cTulio Cestero - Burgos.
260 _aCiudad Trujillo, República Dominicna :
_bArte y cine,
_c1958.
300 _a135 p. ;
_c18 cm.
504 _aIncluye referencias bibliográficas y notas al pie de las páginas
504 _aBibliografía : p. 133-134
930 1 _lBND01
_mLF1
_820110209
_f01
_pHD
_g15949
942 _2ddc
_cBK
945 _ainventariado, 2018 / dg
956 _aIGARCIA
_b10
_c20110209
_lBND01
_h1049
956 _aBTAVAREZ
_b10
_c20110209
_lBND01
_h1157
956 _aVMATEO
_b10
_c20150727
_lBPMSU
_h00151
999 _c8022
_d8022